[Event "SUI-chT"]
[Site "Switzerland"]
[Date "2022.11.13"]
[Round "9.8"]
[White "Toenz, Arthur"]
[Black "Lou, Vincent"]
[Result "0-1"]
[WhiteElo "2099"]
[BlackElo "2212"]
[PlyCount "78"]
[EventDate "2022.05.01"]
[EventType "team-tourn"]
[EventRounds "9"]
[EventCountry "SUI"]
[SourceTitle "EXT 2024"]
[Source "ChessBase"]
[SourceDate "2023.10.10"]
[SourceVersion "1"]
[SourceVersionDate "2023.10.10"]
[SourceQuality "1"]
[WhiteTeam "Nimzowitsch"]
[BlackTeam "Reti"]
[WhiteTeamCountry "SUI"]
[BlackTeamCountry "SUI"]

1. d4 Nf6 2. Bf4 b6 3. e3 Bb7 4. Nf3 g6 5. Be2 Bg7 6. Nbd2 0-0 7. c3 d6 8. 0-0 Nbd7 9. Qb3 Nh5 10. a4 Nxf4 11. exf4 a5 12. Rfe1 e6 13. Bd3 c5 14. Rac1 Qc7 15. Bb5 Rad8 16. Qc2 Nb8 17. Qd3 Nc6 18. h4 h5 19. Ng5 Ne7 20. g3 Nf5 21. Ndf3 Rc8 22. dxc5 bxc5 23. Rcd1 Ba8 24. Qe2 Bf6 25. Bd3 Kg7 26. Bxf5 exf5 27. Qa6 Bc6 28. Qc4 Rce8 29. Rxe8 Rxe8 30. Kh2 Qb7 31. Qd3 Qxb2 32. Kg2 Re2 33. Rf1 Be4 34. Qxd6 Bxg5 35. hxg5 Qxc3 36. Qf6+ Qxf6 37. gxf6+ Kxf6 38. Rc1 Ra2 39. Rxc5 Ra3 0-1

[Event "Antwerp World Uni blitz op"]
[Site "Antwerp"]
[Date "2022.09.14"]
[Round "3"]
[White "Lou, Vincent"]
[Black "Gholami Orimi, Mahdi"]
[Result "1-0"]
[WhiteElo "2039"]
[BlackElo "2363"]
[PlyCount "185"]
[EventDate "2022.09.14"]
[EventType "swiss (blitz)"]
[EventRounds "9"]
[EventCountry "BEL"]
[SourceTitle "CBM 210 Extra"]
[Source "ChessBase"]
[SourceDate "2022.11.30"]
[SourceVersion "1"]
[SourceVersionDate "2022.11.30"]
[SourceQuality "1"]

1. d4 Nf6 2. c4 e6 3. Nc3 Bb4 4. Qc2 d5 5. cxd5 exd5 6. Bg5 c6 7. e3 Be6 8. Bd3 Nbd7 9. Nge2 h6 10. Bh4 g5 11. Bg3 Nh5 12. 0-0-0 Qa5 13. Kb1 Nxg3 14. Nxg3 0-0-0 15. h4 Kb8 16. a3 Be7 17. Nf5 Bf6 18. Ne2 Rc8 19. hxg5 hxg5 20. Qc3 Qc7 21. Qd2 Rh2 22. Neg3 Rch8 23. Rxh2 Rxh2 24. Rg1 c5 25. dxc5 Nxc5 26. Bc2 Qb6 27. Qc1 Rh8 28. Ne2 Rc8 29. Nfd4 Bd7 30. Ka2 Ne6 31. Qd2 Bb5 32. Rc1 Bc4+ 33. Ka1 Bxe2 34. Qxe2 Nxd4 35. exd4 Qxd4 36. Rb1 a6 37. Bf5 Rc4 38. Bd3 Ra4 39. Ka2 Qc5 40. Qc2 Qa5 41. Qb3 Rf4 42. f3 Ka7 43. Rc1 Rd4 44. Rc8 Qb6 45. Bf5 Qxb3+ 46. Kxb3 Rd1 47. Rc7 Be5 48. Rxf7 Rd2 49. Bc2 d4 50. Rf5 Bf4 51. Rd5 Be3 52. g4 Kb6 53. Be4 Kc7 54. Rf5 b5 55. Rf6 a5 56. Rf7+ Kd6 57. Rf6+ Ke7 58. Rf5 a4+ 59. Ka2 Rf2 60. Rxb5 Ke6 61. Rb6+ Ke5 62. Ra6 Bc1 63. Rxa4 Rxb2+ 64. Ka1 Rb8 65. Ra5+ Kf4 66. Rd5 Ke3 67. a4 Bb2+ 68. Ka2 Bc3 69. a5 Ra8 70. Rb5 Ra7 71. Kb3 Bxa5 72. Rxg5 Be1 73. Rd5 Rc7 74. g5 Rc3+ 75. Kb2 Rc8 76. g6 Rb8+ 77. Kc2 Rc8+ 78. Kb3 Rb8+ 79. Kc4 Rc8+ 80. Kb5 Rc7 81. Rg5 Rg7 82. Kc4 Bh4 83. Rd5 Rc7+ 84. Kb5 Bf6 85. Rd6 Bg7 86. Ra6 Rc8 87. Ra3+ Kf4 88. Rd3 Ke5 89. Ra3 Rb8+ 90. Kc6 Rc8+ 91. Kd7 Rb8 92. Ra5+ Kf6 93. Rf5+ 1-0

[Event "Antwerp World Uni blitz op"]
[Site "Antwerp"]
[Date "2022.09.14"]
[Round "1"]
[White "Lou, Vincent"]
[Black "Janik, Igor"]
[Result "0-1"]
[WhiteElo "2039"]
[BlackElo "2456"]
[PlyCount "62"]
[EventDate "2022.09.14"]
[EventType "swiss (blitz)"]
[EventRounds "9"]
[EventCountry "BEL"]
[SourceTitle "CBM 210 Extra"]
[Source "ChessBase"]
[SourceDate "2022.11.30"]
[SourceVersion "1"]
[SourceVersionDate "2022.11.30"]
[SourceQuality "1"]

1. d4 d6 2. Nf3 g6 3. c4 Bg7 4. Nc3 Bg4 5. h3 Bxf3 6. exf3 e6 7. g3 Ne7 8. Bg2 d5 9. c5 Nbc6 10. Ne2 0-0 11. f4 Nf5 12. Be3 b6 13. cxb6 axb6 14. 0-0 Qd6 15. Qd3 Ra4 16. b3 Ra3 17. Bc1 Ra5 18. Bb2 Nb4 19. Qd2 Nxa2 20. Nc3 Nxc3 21. Bxc3 Rxa1 22. Rxa1 Rc8 23. Ra6 c5 24. dxc5 Qxc5 25. Bxg7 Kxg7 26. h4 Nxg3 27. Kh2 Nf5 28. Qb2+ Kg8 29. Qf6 Qxf2 30. Ra7 Qxh4+ 31. Qxh4 Nxh4 0-1

[Event "Antwerp World Uni blitz op"]
[Site "Antwerp"]
[Date "2022.09.14"]
[Round "9"]
[White "Lou, Vincent"]
[Black "Tan, Jun Hao"]
[Result "0-1"]
[WhiteElo "2039"]
[BlackElo "1797"]
[PlyCount "66"]
[EventDate "2022.09.14"]
[EventType "swiss (blitz)"]
[EventRounds "9"]
[EventCountry "BEL"]
[SourceTitle "CBM 210 Extra"]
[Source "ChessBase"]
[SourceDate "2022.11.30"]
[SourceVersion "1"]
[SourceVersionDate "2022.11.30"]
[SourceQuality "1"]

1. d4 Nf6 2. c4 e6 3. Nc3 d5 4. Nf3 Be7 5. Bf4 0-0 6. e3 c6 7. c5 b6 8. b4 a5 9. a3 Ba6 10. Bxa6 Nxa6 11. Rb1 b5 12. 0-0 Nh5 13. Qd3 Nxf4 14. exf4 Qc7 15. g3 Nb8 16. a4 axb4 17. Rxb4 bxa4 18. Nxa4 Nd7 19. Rfb1 Ra7 20. Nb6 Nf6 21. Ne5 Ne4 22. Na4 f6 23. Nf3 Rfa8 24. Nc3 Ra3 25. R4b3 Rxb3 26. Rxb3 Nxc3 27. Qxc3 Ra2 28. Rb6 Kf7 29. Qb3 Ra1+ 30. Kg2 Qc8 31. Rb7 Qa8 32. Qb6 Qa6 33. Qc7 Qf1# 0-1

[Event "Antwerp World Uni blitz op"]
[Site "Antwerp"]
[Date "2022.09.14"]
[Round "2"]
[White "Nyola, Wasswa Mark"]
[Black "Lou, Vincent"]
[Result "0-1"]
[WhiteElo "1725"]
[BlackElo "2039"]
[PlyCount "116"]
[EventDate "2022.09.14"]
[EventType "swiss (blitz)"]
[EventRounds "9"]
[EventCountry "BEL"]
[SourceTitle "CBM 210 Extra"]
[Source "ChessBase"]
[SourceDate "2022.11.30"]
[SourceVersion "1"]
[SourceVersionDate "2022.11.30"]
[SourceQuality "1"]

1. d4 Nf6 2. c4 e6 3. Nf3 b6 4. Nc3 Bb4 5. Bd2 Bb7 6. a3 Bxc3 7. Bxc3 0-0 8. e3 Ne4 9. Be2 Nxc3 10. bxc3 d6 11. 0-0 Nd7 12. a4 a5 13. Nd2 e5 14. Bf3 Bxf3 15. Qxf3 Qe7 16. Qc6 Nf6 17. Rab1 Rad8 18. Rb5 Rfe8 19. h3 h6 20. Nb3 exd4 21. cxd4 Ne4 22. Rf5 g6 23. Rf4 h5 24. Rxe4 Qxe4 25. Qxe4 Rxe4 26. Nd2 Re7 27. d5 Kg7 28. Nf3 f5 29. Nd4 Rde8 30. g3 Kf6 31. Kg2 g5 32. h4 gxh4 33. gxh4 Re4 34. Rh1 Rg8+ 35. Kf3 Rgg4 36. Ne6 Rxc4 37. Nf4 Rgxf4+ 38. exf4 Rc3+ 39. Ke2 Rc5 40. Rg1 Rxd5 41. Rg5 Rd4 42. Rxh5 Rxf4 43. Rh7 Rxa4 44. Rxc7 Rxh4 45. Rc6 Rb4 46. Rxd6+ Ke5 47. Rd8 a4 48. Re8+ Kf4 49. Ra8 b5 50. Rb8 Rb3 51. Ra8 a3 52. Kd2 b4 53. Kc2 Rb2+ 54. Kd3 Rxf2 55. Kc4 Rb2 56. Kd3 Kf3 57. Kc4 a2 58. Kd3 b3 0-1

[Event "Biel HTO 55th"]
[Site "Biel"]
[Date "2022.07.20"]
[Round "7"]
[White "Peyrer, Konstantin"]
[Black "Lou, Vincent"]
[Result "1-0"]
[WhiteElo "2406"]
[BlackElo "2200"]
[PlyCount "87"]
[EventDate "2022.07.13"]
[EventType "swiss"]
[EventRounds "9"]
[EventCountry "SUI"]
[SourceTitle "CBM 209 Extra"]
[Source "ChessBase"]
[SourceDate "2022.09.30"]
[SourceVersion "1"]
[SourceVersionDate "2022.09.30"]
[SourceQuality "1"]

1. e4 c5 2. Nf3 d6 3. d4 cxd4 4. Nxd4 Nf6 5. Nc3 a6 6. Be2 e5 7. Nb3 Be7 8. g4 Be6 9. g5 Nfd7 10. h4 Nc6 11. Be3 Nc5 12. Nd5 Rc8 13. f3 Na4 14. Qd2 Nc5 15. c3 Bxd5 16. exd5 Nxb3 17. axb3 Nb8 18. Bd3 Nd7 19. h5 h6 20. gxh6 gxh6 21. Bxh6 Bh4+ 22. Ke2 Qf6 23. Be3 Rg8 24. Rag1 Ke7 25. Rg4 Rxg4 26. fxg4 Rg8 27. Bf5 Bg5 28. h6 Bf4 29. h7 Rh8 30. Kd1 Nf8 31. Bxf4 exf4 32. Qxf4 Ng6 33. Qb4 b5 34. Kc2 Kf8 35. c4 bxc4 36. bxc4 Kg7 37. Qc3 Ne5 38. Re1 Qh4 39. c5 Qf2+ 40. Kb1 Rb8 41. Rxe5 dxe5 42. Qxe5+ f6 43. h8B+ Rxh8 44. Qe7+ 1-0

[Event "Biel HTO 55th"]
[Site "Biel"]
[Date "2022.07.18"]
[Round "5"]
[White "Gurel, Ediz"]
[Black "Lou, Vincent"]
[Result "1-0"]
[WhiteElo "2435"]
[BlackElo "2200"]
[PlyCount "113"]
[EventDate "2022.07.13"]
[EventType "swiss"]
[EventRounds "9"]
[EventCountry "SUI"]
[SourceTitle "CBM 209 Extra"]
[Source "ChessBase"]
[SourceDate "2022.09.30"]
[SourceVersion "1"]
[SourceVersionDate "2022.09.30"]
[SourceQuality "1"]

1. e4 c5 2. Nf3 d6 3. d4 cxd4 4. Nxd4 Nf6 5. Nc3 a6 6. h3 e5 7. Nde2 h5 8. g3 Be7 9. Bg2 b5 10. Nd5 Nbd7 11. Nxe7 Qxe7 12. Nc3 Bb7 13. Bg5 Qe6 14. 0-0 0-0 15. h4 Rac8 16. Nd5 Bxd5 17. exd5 Qf5 18. c3 Rfe8 19. a4 e4 20. axb5 axb5 21. Ra6 Nxd5 22. Rxd6 N7f6 23. Qe2 e3 24. Qf3 exf2+ 25. Qxf2 Qxf2+ 26. Rxf2 Re1+ 27. Rf1 Re5 28. Rd1 Ne3 29. Re1 Nfg4 30. Bb7 Rb8 31. Bf4 Re7 32. Bf3 Rbe8 33. Rb6 Nc4 34. Rxe7 Rxe7 35. Rb8+ Kh7 36. Rxb5 Re1+ 37. Kg2 g6 38. Bxg4 hxg4 39. Rb4 Na5 40. Kf2 Rb1 41. Ke2 Kg7 42. Kd3 Nc6 43. Rb6 Ne7 44. Be5+ Kh6 45. Rb7 Nd5 46. c4 f6 47. Bd4 Nf4+ 48. gxf4 g3 49. Ke2 g2 50. c5 Rc1 51. Kf3 Rd1 52. Bf2 g1Q 53. Bxg1 Rxg1 54. c6 Rc1 55. c7 f5 56. b4 Kh5 57. c8Q 1-0

[Event "SUI-ch 121st"]
[Site "Samnaun"]
[Date "2022.07.08"]
[Round "6"]
[White "Fecker, Noah"]
[Black "Lou, Vincent"]
[Result "1/2-1/2"]
[WhiteElo "2387"]
[BlackElo "2200"]
[PlyCount "88"]
[EventDate "2022.07.04"]
[EventType "swiss"]
[EventRounds "9"]
[EventCountry "SUI"]
[SourceTitle "CBM 209 Extra"]
[Source "ChessBase"]
[SourceDate "2022.09.30"]
[SourceVersion "1"]
[SourceVersionDate "2022.09.30"]
[SourceQuality "1"]

1. e4 c5 2. Nc3 a6 3. g3 Nc6 4. Bg2 g6 5. f4 Bg7 6. Nf3 d6 7. 0-0 Nf6 8. d3 0-0 9. h3 Rb8 10. g4 b5 11. Qe1 Bb7 12. Be3 b4 13. Ne2 Nd7 14. Rb1 e6 15. Ng3 d5 16. e5 Qe7 17. Qf2 Rbc8 18. Rbe1 Rfe8 19. Kh1 a5 20. h4 d4 21. Bd2 f5 22. gxf5 gxf5 23. Rg1 Kh8 24. Ng5 h6 25. Nf3 Rg8 26. Kh2 Nd8 27. Bh3 Qf7 28. Rg2 Bf8 29. Reg1 Be7 30. c4 Nc6 31. Qe2 Qh7 32. Be1 Rcf8 33. Rh1 Nd8 34. Kg1 Rg7 35. Kf1 Kg8 36. Rhg1 Kf7 37. Nh5 Rxg2 38. Bxg2 Rg8 39. Nh2 Bxg2+ 40. Rxg2 Rxg2 41. Qxg2 Qg6 42. Qf3 a4 43. b3 Nb6 44. Ng3 a3 1/2-1/2

[Event "SUI-chT"]
[Site "Switzerland"]
[Date "2022.06.12"]
[Round "3.7"]
[White "Lou, Vincent"]
[Black "Held, Thomas"]
[Result "1/2-1/2"]
[WhiteElo "2212"]
[BlackElo "2041"]
[PlyCount "60"]
[EventDate "2022.05.01"]
[EventType "team-tourn"]
[EventRounds "9"]
[EventCountry "SUI"]
[SourceTitle "EXT 2023"]
[Source "ChessBase"]
[SourceDate "2022.10.05"]
[SourceVersion "1"]
[SourceVersionDate "2022.10.05"]
[SourceQuality "1"]
[WhiteTeam "Reti"]
[BlackTeam "Wollishofen"]
[WhiteTeamCountry "SUI"]
[BlackTeamCountry "SUI"]

1. d4 f5 2. g3 Nf6 3. Bg2 d6 4. Nf3 g6 5. 0-0 Bg7 6. c4 0-0 7. Nc3 c6 8. Re1 Na6 9. a3 Nc7 10. e4 fxe4 11. Nxe4 Nxe4 12. Rxe4 Bf5 13. Re1 Qd7 14. Ng5 d5 15. cxd5 Nxd5 16. b4 Rad8 17. Bb2 Nc7 18. Qb3+ e6 19. Nf3 Qd5 20. Qe3 Qd6 21. Ne5 Bxe5 22. Qxe5 Qxe5 23. Rxe5 Nb5 24. Rd1 Bc2 25. Rde1 Bb3 26. R1e3 Ba2 27. Bh3 Nxd4 28. Bxd4 Rxd4 29. Bxe6+ Bxe6 30. Rxe6 Rd1+ 1/2-1/2

[Event "SUI-chT"]
[Site "Switzerland"]
[Date "2022.05.15"]
[Round "2.6"]
[White "Lou, Vincent"]
[Black "Gattenloehner, Sebastian"]
[Result "1/2-1/2"]
[WhiteElo "2212"]
[BlackElo "2254"]
[PlyCount "85"]
[EventDate "2022.05.01"]
[EventType "team-tourn"]
[EventRounds "9"]
[EventCountry "SUI"]
[SourceTitle "EXT 2023"]
[Source "ChessBase"]
[SourceDate "2022.10.05"]
[SourceVersion "1"]
[SourceVersionDate "2022.10.05"]
[SourceQuality "1"]
[WhiteTeam "Reti"]
[BlackTeam "Winterthur"]
[WhiteTeamCountry "SUI"]
[BlackTeamCountry "SUI"]

1. d4 d5 2. c4 c6 3. Nf3 Nf6 4. Nc3 e6 5. e3 Nbd7 6. Qc2 Bd6 7. b3 0-0 8. Be2 b6 9. 0-0 Bb7 10. Bb2 Qe7 11. Rfd1 Rfd8 12. Rac1 Rac8 13. Qb1 e5 14. dxe5 Nxe5 15. cxd5 cxd5 16. Nb5 Rxc1 17. Qxc1 Nxf3+ 18. Bxf3 Bb8 19. Qa1 Ne4 20. Bxe4 Qxe4 21. Nd4 Bxh2+ 22. Kxh2 Rd6 23. Nf3 Rh6+ 24. Kg1 Rg6 25. Ne1 d4 26. Rxd4 Rxg2+ 27. Kf1 Ba6+ 28. Nd3 Bxd3+ 29. Rxd3 Rxf2+ 30. Kxf2 Qxd3 31. Qc1 h5 32. Bd4 Qf5+ 33. Ke2 h4 34. Qc7 h3 35. Qd8+ Kh7 36. Qh4+ Kg8 37. Qd8+ Kh7 38. Qh4+ Kg8 39. e4 Qa5 40. Qd8+ Kh7 41. Qh4+ Kg8 42. Qd8+ Kh7 43. Qh4+ 1/2-1/2

[Event "SUI-chT"]
[Site "Switzerland"]
[Date "2021.10.23"]
[Round "4.8"]
[White "Panek, Dietmar"]
[Black "Lou, Vincent"]
[Result "0-1"]
[WhiteElo "1976"]
[BlackElo "2114"]
[PlyCount "100"]
[EventDate "2021.08.29"]
[EventType "team-tourn"]
[EventRounds "9"]
[EventCountry "SUI"]
[SourceTitle "EXT 2023"]
[Source "ChessBase"]
[SourceDate "2022.10.05"]
[SourceVersion "1"]
[SourceVersionDate "2022.10.05"]
[SourceQuality "1"]
[WhiteTeam "Bodan"]
[BlackTeam "Reti"]
[WhiteTeamCountry "SUI"]
[BlackTeamCountry "SUI"]

1. d4 Nf6 2. c4 e6 3. Nf3 b6 4. g3 Bb7 5. Bg2 Be7 6. 0-0 0-0 7. Nc3 Ne4 8. Qc2 Nxc3 9. Qxc3 c5 10. dxc5 bxc5 11. Rd1 d6 12. Be3 Qb6 13. Qc2 Nc6 14. Ng5 g6 15. h4 Ne5 16. Bxb7 Qxb7 17. Bf4 Nc6 18. Qe4 Rad8 19. h5 Na5 20. Qc2 e5 21. Be3 Kg7 22. h6+ Kg8 23. Rd2 Nc6 24. Qe4 Qc7 25. Rad1 Nd4 26. Nf3 Rfe8 27. Bxd4 exd4 28. Qf4 Bf8 29. Kg2 Qe7 30. Rh1 a5 31. Ng5 d5 32. b3 Rd6 33. Nf3 dxc4 34. bxc4 Re6 35. Ng5 Re5 36. Nf3 Re4 37. Qg5 Qxg5 38. Nxg5 Rxe2 39. Nf3 Rxd2 40. Nxd2 f6 41. Kf3 Rb8 42. Ne4 Kf7 43. Rd1 Rb4 44. Rc1 Rb2 45. g4 Be7 46. Kf4 a4 47. a3 Rb3 48. Nd2 Rc3 49. Rb1 Bd6+ 50. Ke4 Ke6 0-1

[Event "Bad Ragaz Swiss YM"]
[Site "Bad Ragaz"]
[Date "2021.03.07"]
[Round "2"]
[White "Lou, Vincent"]
[Black "Pellicoro, Nathalie"]
[Result "1-0"]
[WhiteElo "2197"]
[BlackElo "1886"]
[PlyCount "95"]
[EventDate "2021.03.06"]
[EventType "tourn"]
[EventRounds "9"]
[EventCountry "SUI"]
[SourceTitle "CBM 201 Extra"]
[Source "ChessBase"]
[SourceDate "2021.05.31"]
[SourceVersion "1"]
[SourceVersionDate "2021.05.31"]
[SourceQuality "1"]

1. d4 Nf6 2. c4 c5 3. d5 b5 4. cxb5 a6 5. bxa6 g6 6. Nc3 Bg7 7. g3 0-0 8. Bg2 d6 9. Nf3 Nbd7 10. 0-0 Nb6 11. Nd2 Bxa6 12. Re1 Qc7 13. Qc2 Qb7 14. e4 Ng4 15. Nf3 Nc4 16. Rb1 Nge5 17. Nxe5 Nxe5 18. Rd1 c4 19. Be3 Rfb8 20. Bd4 Qc7 21. Ne2 Qa5 22. a3 Rb7 23. Bc3 Qc7 24. Nd4 Bb5 25. Nxb5 Rxb5 26. Bf1 Rab8 27. Kg2 e6 28. dxe6 fxe6 29. Bxe5 Bxe5 30. Qxc4 Qxc4 31. Bxc4 Rxb2 32. Bxe6+ Kf8 33. Rxb2 Rxb2 34. Rd3 Ke7 35. Bd5 Rc2 36. a4 Rc3 37. Rd2 Ra3 38. Rc2 Bc3 39. f4 Ba5 40. Rb2 Kd7 41. Rb7+ Bc7 42. Ra7 Kc8 43. Ra8+ Bb8 44. f5 gxf5 45. exf5 Re3 46. f6 Re8 47. f7 Rd8 48. a5 1-0

[Event "Davos Summer op"]
[Site "Davos"]
[Date "2020.07.12"]
[Round "5"]
[White "Lou, Vincent"]
[Black "Ermitsch, Magnus"]
[Result "1-0"]
[WhiteElo "2186"]
[BlackElo "2000"]
[PlyCount "87"]
[EventDate "2020.07.09"]
[EventType "swiss"]
[EventRounds "5"]
[EventCountry "SUI"]
[SourceTitle "CBM 197 Extra"]
[Source "ChessBase"]
[SourceDate "2020.09.30"]
[SourceVersion "1"]
[SourceVersionDate "2020.09.30"]
[SourceQuality "1"]

1. d4 Nf6 2. c4 e6 3. Nc3 Bb4 4. Qc2 0-0 5. Nf3 d5 6. a3 Bxc3+ 7. Qxc3 dxc4 8. Qxc4 b6 9. Bg5 Ba6 10. Qa4 Qc8 11. Bxf6 gxf6 12. e3 Bxf1 13. Rxf1 c5 14. dxc5 Qxc5 15. Ke2 Qc6 16. Qb3 Rc8 17. Nd4 Qc4+ 18. Qxc4 Rxc4 19. Rac1 Rxc1 20. Rxc1 Na6 21. b4 Kf8 22. Nb5 f5 23. Rc4 Kg7 24. Rd4 Rc8 25. Nxa7 Rc2+ 26. Rd2 Rc3 27. Nb5 Rc6 28. Rd8 f4 29. Ra8 Rc2+ 30. Kf3 fxe3 31. fxe3 Nc7 32. Rc8 Nxb5 33. Rxc2 Nxa3 34. Rc6 b5 35. Rc5 Kf6 36. Ke2 Ke7 37. Kd3 Kd6 38. Rc3 Nc4 39. Rxc4 bxc4+ 40. Kxc4 Kc6 41. b5+ Kb6 42. e4 h6 43. e5 h5 44. h4 1-0

[Event "Davos Summer op"]
[Site "Davos"]
[Date "2020.07.11"]
[Round "4"]
[White "Eilenberg, Jonas"]
[Black "Lou, Vincent"]
[Result "1-0"]
[WhiteElo "2137"]
[BlackElo "2186"]
[PlyCount "75"]
[EventDate "2020.07.09"]
[EventType "swiss"]
[EventRounds "5"]
[EventCountry "SUI"]
[SourceTitle "CBM 197 Extra"]
[Source "ChessBase"]
[SourceDate "2020.09.30"]
[SourceVersion "1"]
[SourceVersionDate "2020.09.30"]
[SourceQuality "1"]

1. d4 Nf6 2. Nf3 b6 3. e3 Bb7 4. Bd3 e6 5. 0-0 Be7 6. c4 0-0 7. Nc3 c5 8. d5 d6 9. e4 e5 10. h3 Re8 11. Be3 Nbd7 12. Bc2 Nf8 13. Ba4 N6d7 14. a3 Ng6 15. g3 Bf8 16. Rc1 Ne7 17. Ng5 h6 18. Nf3 g6 19. Nh2 Bg7 20. Ng4 h5 21. Nh6+ Kf8 22. Qf3 f6 23. g4 h4 24. g5 Ng8 25. Nxg8 Kxg8 26. gxf6 Rf8 27. Qg4 Nxf6 28. Qxg6 Qe7 29. Kh2 Qf7 30. Rg1 Nh5 31. Qxf7+ Kxf7 32. Rg5 Nf4 33. Nb5 Rfd8 34. Nc7 Rac8 35. Ne6 Nxe6 36. dxe6+ Kxe6 37. Rxg7 Bxe4 38. Bg5 1-0

[Event "Davos Summer op"]
[Site "Davos"]
[Date "2020.07.10"]
[Round "2"]
[White "Zanet, Matteo"]
[Black "Lou, Vincent"]
[Result "0-1"]
[WhiteElo "1867"]
[BlackElo "2186"]
[PlyCount "106"]
[EventDate "2020.07.09"]
[EventType "swiss"]
[EventRounds "5"]
[EventCountry "SUI"]
[SourceTitle "CBM 197 Extra"]
[Source "ChessBase"]
[SourceDate "2020.09.30"]
[SourceVersion "1"]
[SourceVersionDate "2020.09.30"]
[SourceQuality "1"]

1. d4 Nf6 2. c4 e6 3. Nf3 b6 4. a3 Bb7 5. Bf4 Be7 6. Nc3 d5 7. e3 0-0 8. cxd5 Nxd5 9. Nxd5 Bxd5 10. Bd3 Nd7 11. 0-0 c5 12. Qe2 cxd4 13. exd4 Nf6 14. Be5 Bb7 15. Rac1 Rc8 16. Rfd1 Qd5 17. Bc4 Qe4 18. Qf1 Qg6 19. Nd2 Nd5 20. Ba6 Rxc1 21. Rxc1 Ba8 22. Nc4 Bg5 23. Rd1 Nf4 24. Bxf4 Bxf4 25. g3 Qe4 26. f3 Be3+ 27. Nxe3 Qxe3+ 28. Kg2 Rd8 29. Rd3 Qg5 30. Qe2 h6 31. h4 Qd5 32. Qe5 Qa2 33. Rd2 Qb3 34. Bd3 Rc8 35. Be4 Bxe4 36. fxe4 Rc2 37. Rxc2 Qxc2+ 38. Kh3 Qxb2 39. Qb8+ Kh7 40. d5 exd5 41. exd5 Qxa3 42. d6 Qd3 43. Qc7 Qf1+ 44. Kh2 Qe2+ 45. Kh3 Qe5 46. Qe7 Qf5+ 47. Kg2 Qc2+ 48. Kh3 Qf5+ 49. Kg2 Qd5+ 50. Kh3 f5 51. Kh2 Qd2+ 52. Kh3 Qf2 53. d7 Qg1 0-1

[Event "Davos Summer op"]
[Site "Davos"]
[Date "2020.07.09"]
[Round "1"]
[White "Lou, Vincent"]
[Black "Scherler, Julius"]
[Result "1-0"]
[WhiteElo "2186"]
[BlackElo "1759"]
[PlyCount "45"]
[EventDate "2020.07.09"]
[EventType "swiss"]
[EventRounds "5"]
[EventCountry "SUI"]
[SourceTitle "CBM 197 Extra"]
[Source "ChessBase"]
[SourceDate "2020.09.30"]
[SourceVersion "1"]
[SourceVersionDate "2020.09.30"]
[SourceQuality "1"]

1. d4 Nf6 2. c4 c5 3. d5 e6 4. Nc3 exd5 5. cxd5 d6 6. e4 g6 7. Bd3 Bg7 8. h3 0-0 9. Nf3 b5 10. Nxb5 Nxe4 11. Bxe4 Re8 12. Ng5 h6 13. Ne6 Bxe6 14. dxe6 Qa5+ 15. Nc3 Bxc3+ 16. bxc3 Rxe6 17. 0-0 Rxe4 18. Qd5 Re8 19. Qxa8 Qxc3 20. Rb1 Re1 21. Qxb8+ Kh7 22. Bb2 Rxf1+ 23. Rxf1 1-0

[Event "Zuerich op 43rd"]
[Site "Zuerich"]
[Date "2019.12.27"]
[Round "2"]
[White "Lou, Vincent"]
[Black "Kunin, Vitaly L"]
[Result "0-1"]
[WhiteElo "2177"]
[BlackElo "2538"]
[PlyCount "100"]
[EventDate "2019.12.26"]
[EventType "swiss"]
[EventRounds "7"]
[EventCountry "SUI"]
[SourceTitle "CBM 194 Extra"]
[Source "ChessBase"]
[SourceDate "2020.03.31"]
[SourceVersion "1"]
[SourceVersionDate "2020.03.31"]
[SourceQuality "1"]

1. d4 d6 2. Nf3 Bg4 3. c4 Nd7 4. Nc3 c6 5. h3 Bxf3 6. exf3 g6 7. Be2 Bg7 8. Be3 a6 9. a4 a5 10. f4 Ngf6 11. g4 e6 12. h4 h5 13. g5 Ng8 14. d5 Nc5 15. Bd4 Bxd4 16. Qxd4 Rh7 17. Rd1 Ne7 18. dxe6 Nf5 19. exf7+ Rxf7 20. Qh8+ Kd7 21. Qxd8+ Rxd8 22. Rh3 Rdf8 23. Bd3 Ne7 24. Ne2 Nxa4 25. Rd2 Nc5 26. Bc2 a4 27. Kf1 Rb8 28. f5 Nxf5 29. Nf4 Re8 30. Kg1 Re1+ 31. Kh2 Ne4 32. Bxe4 Rxe4 33. Nxg6 Rg7 34. f3 Re1 35. Nf4 Rge7 36. Nxh5 R1e2+ 37. Rxe2 Rxe2+ 38. Kg1 Rxb2 39. f4 Rb3 40. Nf6+ Ke6 41. Rxb3 axb3 42. Ne4 Nxh4 43. Kf2 Kf5 44. Ke3 Ng2+ 45. Kd2 Kxe4 46. g6 b2 47. g7 b1Q 48. g8Q Qb2+ 49. Kd1 Ne3+ 50. Ke1 Kf3 0-1

[Event "SUI-ch HT 119th"]
[Site "Leukerbad"]
[Date "2019.07.15"]
[Round "5"]
[White "Wyss, Jonas"]
[Black "Lou, Vincent"]
[Result "1-0"]
[WhiteElo "2266"]
[BlackElo "2014"]
[PlyCount "59"]
[EventDate "2019.07.11"]
[EventType "swiss"]
[EventRounds "9"]
[EventCountry "SUI"]
[SourceTitle "EXT 2020"]
[Source "ChessBase"]
[SourceDate "2019.10.17"]
[SourceVersion "1"]
[SourceVersionDate "2019.10.17"]
[SourceQuality "1"]

1. e4 c5 2. Nf3 d6 3. d4 cxd4 4. Nxd4 Nf6 5. Nc3 a6 6. Bg5 e6 7. f4 h6 8. Bh4 Nbd7 9. Qe2 Be7 10. 0-0-0 Qc7 11. Bg3 0-0 12. e5 dxe5 13. fxe5 Ne8 14. Kb1 Nc5 15. Ne4 b5 16. Nxc5 Bxc5 17. Nb3 Be7 18. Be1 Bb7 19. Ba5 Qc8 20. h4 Nc7 21. Rh3 Nd5 22. Qg4 Qb8 23. Rg3 Qxe5 24. Rxd5 exd5 25. Bc3 d4 26. Bxd4 Qe1+ 27. Nc1 g6 28. Bd3 Bc8 29. Qf4 Rd8 30. Bxg6 1-0

[Event "SUI-ch HT 119th"]
[Site "Leukerbad"]
[Date "2019.07.13"]
[Round "3"]
[White "Lou, Vincent"]
[Black "Baenziger, Fabian"]
[Result "0-1"]
[WhiteElo "2014"]
[BlackElo "2352"]
[PlyCount "76"]
[EventDate "2019.07.11"]
[EventType "swiss"]
[EventRounds "9"]
[EventCountry "SUI"]
[SourceTitle "EXT 2020"]
[Source "ChessBase"]
[SourceDate "2019.10.17"]
[SourceVersion "1"]
[SourceVersionDate "2019.10.17"]
[SourceQuality "1"]

1. d4 d5 2. c4 c6 3. Nc3 Nf6 4. Nf3 e6 5. Bg5 h6 6. Bh4 dxc4 7. e4 g5 8. Bg3 b5 9. Be2 Bb7 10. 0-0 Nbd7 11. Qc2 Nh5 12. a4 a6 13. Rad1 Nxg3 14. hxg3 Bg7 15. e5 0-0 16. Ne4 c5 17. dxc5 Bxe4 18. Qxe4 Nxc5 19. Qe3 Qc7 20. axb5 axb5 21. Rd6 Rfd8 22. Nd4 Rab8 23. Rxd8+ Rxd8 24. f4 Qb6 25. Nf3 g4 26. Ne1 h5 27. Nc2 Na4 28. Qxb6 Nxb6 29. Rd1 Rxd1+ 30. Bxd1 Bf8 31. Kf1 Na4 32. Nd4 Nxb2 33. Be2 b4 34. Ke1 Bc5 35. Nb5 Be3 36. Nd6 c3 37. Bd1 Nxd1 38. Kxd1 b3 0-1

[Event "Wch U16"]
[Site "Porto Carras"]
[Date "2018.10.30"]
[Round "11.30"]
[White "Shubin, Kirill"]
[Black "Lou, Vincent"]
[Result "1-0"]
[WhiteElo "2369"]
[BlackElo "2155"]
[PlyCount "79"]
[EventDate "2018.10.20"]
[EventType "swiss"]
[EventRounds "11"]
[EventCountry "GRE"]
[SourceTitle "CBM 187 Extra"]
[Source "ChessBase"]
[SourceDate "2018.11.04"]
[SourceVersion "1"]
[SourceVersionDate "2018.11.04"]
[SourceQuality "1"]

1. e4 c5 2. Nf3 d6 3. d4 cxd4 4. Nxd4 Nf6 5. Nc3 a6 6. Be3 e5 7. Nb3 Be6 8. h3 Be7 9. f4 exf4 10. Bxf4 Nc6 11. Qe2 Nd7 12. 0-0-0 Nce5 13. Kb1 Rc8 14. Qe3 0-0 15. g4 Qc7 16. Nd4 Nb6 17. Qc1 Nbc4 18. Nd5 Bxd5 19. exd5 b5 20. Bg2 b4 21. g5 a5 22. Rhe1 Rfe8 23. Nc6 Bf8 24. Re4 Nb6 25. Nxe5 dxe5 26. Bg3 Bd6 27. h4 a4 28. Bh3 Rb8 29. h5 b3 30. cxb3 Qa7 31. b4 Re7 32. Qc6 Rd8 33. Bf2 Rb7 34. g6 fxg6 35. hxg6 h6 36. Bh4 Be7 37. Rxe5 Kh8 38. d6 a3 39. Bxe7 Ra8 40. Bd8 1-0